Les récits d'Adrien Zograffi / (Record no. 83848)

MARC details
000 -LEADER
campo de control de longitud fija 00629nam a2200169 i 4500
001 - NÚMERO DE CONTROL
campo de control 83848
003 - IDENTIFICADOR DE NÚMERO DE CONTROL
campo de control ES-MaACL
005 - FECHA Y HORA DE LA ÚLTIMA TRANSACCIÓN
campo de control 20230906174913.0
007 - CAMPO FIJO DE DESCRIPCIÓN FÍSICA--INFORMACIÓN GENERAL
campo de control de longitud fija t|
008 - DATOS DE LONGITUD FIJA--INFORMACIÓN GENERAL
campo de control de longitud fija 041118q1930 fr ||||1| fre d
100 1# - ENTRADA PRINCIPAL--NOMBRE DE PERSONA
Nombre de persona Istrati, Panaït.
9 (RLIN) 65605
245 14 - MENCIÓN DEL TÍTULO
Título Les récits d'Adrien Zograffi /
Mención de responsabilidad, etc. Panaït Istrati.
260 ## - PUBLICACIÓN, DISTRIBUCIÓN, ETC.
Lugar de publicación, distribución, etc. Paris :
Nombre del editor, distribuidor, etc. [s.n.,
Fecha de publicación, distribución, etc. 1930-19--?] (
Fabricante Mayenne-Floch)
300 ## - DESCRIPCIÓN FÍSICA
Extensión 5 t. en 6 v. ;
Dimensiones 19 cm.
505 8# - NOTA DE CONTENIDO CON FORMATO
Nota de contenido con formato Contiene: V. I: Kyra Kyralina. -- V. II: Oncle Anghel. -- V. III: Les Handones. -- V. IV: Enfance d'Adrien Zograffi: Codine. -- V. V: Adolescence d'Adrien Zograffi: Mikhail
852 ## - LOCALIZACIÓN
Ubicación ES-MaACL
Número de control de estantería A-3749-54
Holdings
Estatus retirado Estado de pérdida Estado de daño No para préstamo Biblioteca de origen Biblioteca actual Ubicación en estantería Fecha de adquisición Fuente de adquisición Total de préstamos Signatura topográfica completa Código de barras Visto por última vez Precio de reemplazo Tipo de ítem Koha
        Biblioteca del Ateneo de Madrid Biblioteca del Ateneo de Madrid Sala Pecera Planta 1 17/01/2008     A-3749-54 1087630 23/02/2023 23/02/2023 Libro impreso